Statistics for Largest Cities and Countries Medium

Click here to take the quiz!

General Stats

  • This quiz has been taken 250 times
  • The average score is 19 of 20

Answer Stats

HintAnswer% Correct
New York CityUSA
100%
SydneyAustralia
98%
ShanghaiChina
98%
ParisFrance
98%
TokyoJapan
98%
MoscowRussia
98%
IstanbulTurkey
98%
Rio De JanieroBrazil
97%
CairoEgypt
97%
New DelhiIndia
97%
Mexico CityMexico
97%
MadridSpain
97%
JakartaIndonesia
96%
Buenos AiresArgentina
95%
BaghdadIraq
95%
SingaporeSingapore
95%
LondonUnited Kingdom
95%
Kuala LumpurMalaysia
90%
KarachiPakistan
89%
ManilaPhilippines
68%

Score Distribution

Percentile by Number Answered

Percent of People with Each Score

Your Score History

You have not taken this quiz